Lingua
English
Deutsch
Español
Français
Italiano
日本語
Nederlands
Português
Português (Brasil)
中文(简体)
中文(繁體)
Türkçe
עברית
Gaeilge
Cymraeg
Ελληνικά
Català
Euskara
Русский
Čeština
Suomi
Svenska
polski
Dansk
slovenščina
اللغة العربية
বাংলা
Galego
Tiếng Việt
Hrvatski
हिंदी
Հայերէն
Українська
Tutti i Campi
Titolo
Autore
Soggetto
ISBN/ISSN
Tag
Identificatore
Cerca
Avanzata
Т. 42, № 1; Вестник Московског...
Citazione
Invia SMS
Invia email
Stampa
Esporta il record
Esporta a RefWorks
Esporta a EndNoteWeb
Esporta a EndNote
PLink permanente
Esportazione completata correttamente —
Т. 42, № 1; Вестник Московского университета
Dettagli Bibliografici
Parent link:
Вестник Московского университета: научный журнал/ Московский государственный университет им. М. В. Ломоносова (МГУ). Т. 42, № 1.— , 1960-.— 0201-7385
Lingua:
russo
Pubblicazione:
2001
Natura:
MixedMaterials
Libro
KOHA link:
https://koha.lib.tpu.ru/cgi-bin/koha/opac-detail.pl?biblionumber=476924
Posseduto
Descrizione
Documenti analoghi
MARC21
MARC
LEADER
00000nam2a2200000 4500
001
476924
005
20231101092821.0
035
|a
(RuTPU)RU\TPU\prd\143254
035
|a
RU\TPU\prd\143248
090
|a
476924
100
|a
20120605a20019999k y0rusy50 ca
101
0
|a
rus
102
|a
RU
200
0
|a
Т. 42, № 1
210
|d
2001
461
1
|0
(RuTPU)RU\TPU\prd\1395
|x
0201-7385
|x
0579-9384
|t
Вестник Московского университета
|h
Сер. 2
|i
Химия
|o
научный журнал
|f
Московский государственный университет им. М. В. Ломоносова (МГУ)
|v
Т. 42, № 1
|d
1960-
801
0
|a
RU
|b
63413507
|c
20010227
|g
PSBO
801
1
|a
RU
|b
63413507
|c
20120405
801
2
|a
RU
|b
63413507
|c
20120605
|g
RCR
942
|c
BK
999
|a
НТБ_ТПУ
|b
НФ
|e
-4/20120110
|p
П-5509х
|u
0,00
|v
1
Documenti analoghi
Т. 42, № 2; Вестник Московского университета
Pubblicazione: (2001)
Т. 42, № 3; Вестник Московского университета
Pubblicazione: (2001)
Т. 42, № 4; Вестник Московского университета
Pubblicazione: (2001)
Т. 42, № 5; Вестник Московского университета
Pubblicazione: (2001)
Т. 42, № 6; Вестник Московского университета
Pubblicazione: (2001)